| 000 | 004350000a22001930004500 | ||
|---|---|---|---|
| 003 | LK-CoMWRAF | ||
| 005 | 20230923213202.0 | ||
| 008 | 230817t ||||| |||| 00| 0 eng d | ||
| 020 | _a8172315082 | ||
| 040 |
_aLK-CoMWRAF _dLK-CoMWRAF _eLK-CoMWRAF |
||
| 041 | _aeng | ||
| 082 |
_a297.382 _bDAI |
||
| 245 | _a40 Daily prayers | ||
| 260 | _aIndia | ||
| 300 | _ap.24 | ||
| 650 | _aIslam-Prayers | ||
| 700 |
_aIBS _ecomp. |
||
| 942 | _cBK | ||
| 999 |
_c854 _d854 |
||